Quiz Star Wars – 15 Questions (QSM) - Statistiques

Statistiques générales
  • Ce quiz a été pris 130 fois
  • Le résultat moyen est 12 sur 15
Statistiques - réponses
Question Réponse % Correct
Qui est le père de Luke Skywalker ? Anakin Skywalker
100%
Quel est le nom du vaisseau de Han Solo Le Faucon Millenium
99%
Quel est le vrai nom de Dark Vador ? Anakin Skywalker
97%
Comment s’appelle le droïde compagnon de Poe Dameron ? BB-8
93%
Quel Sith se fait aussi appeler Dark Sidious ? Palpatine
93%
Quelle couleur est associée au sabre laser de Mace Windu ? Violet
93%
Quel Jedi a formé Anakin Skywalker ? Obi-Wan Kenobi
89%
Quelle est la particularité de la planète Mustafar ? Elle est volcanique
81%
Quelle est la planète désertique où Rey a grandi ? Jakku
73%
Quelle est la planète d’origine de Chewbacca ? Kashyyyk
73%
Qui est le leader du Premier Ordre dans la postlogie ? Snoke
72%
Quel personnage dit : "C’est un piège !" ? Amiral Ackbar
70%
Dans quel film apparaît pour la première fois Yoda ? (par ordre de sortie des films) L’Empire Contre-Attaque
68%
Quel personnage est un clone dans la série "The Bad Batch" ? Hunter
65%
Qui a tué Jabba le Hutt ? Leia Organa
62%
Aucun quiz correspondant
Distribution des résultats
% des personnes avec chaque résultat
Percentile par nombre de réponses
Votre historique - résultats
Vous n’avez pas pris ce quiz